Computing for non-specialists
Spremljeno u:
| Glavni autor: | |
|---|---|
| Format: | Knjiga |
| Jezik: | Undetermined |
| Izdano: |
New York
Addison-Wesley
2000
|
| Teme: | |
| Oznake: |
Dodaj oznaku
Bez oznaka, Budi prvi tko označuje ovaj zapis!
|
| Thư viện lưu trữ: | Trung tâm Học liệu Trường Đại học Cần Thơ |
|---|
| LEADER | 00510nam a2200193Ia 4500 | ||
|---|---|---|---|
| 001 | CTU_88872 | ||
| 008 | 210402s9999 xx 000 0 und d | ||
| 020 | |c 282000 | ||
| 082 | |a 004 | ||
| 082 | |b B214 | ||
| 100 | |a Bandyo-Padhyay, Nanda | ||
| 245 | 0 | |a Computing for non-specialists | |
| 245 | 0 | |c Nanda Bandyo-Padhyay | |
| 260 | |a New York | ||
| 260 | |b Addison-Wesley | ||
| 260 | |c 2000 | ||
| 650 | |a Computer,Computer programs | ||
| 904 | |i Truc | ||
| 980 | |a Trung tâm Học liệu Trường Đại học Cần Thơ | ||